El delito de manejar en estado de ebriedad: aspectos penales, criminológicos y médico-legales, doctrina, jurisprudencia y Derecho comparado

Saved in:
Bibliografiske detaljer
Hovedforfatter: Silva Silva, Hernán Octavio (autor)
Format: Bog
Sprog:spansk
Udgivet: Santiago, Chile Jurídica de Chile 2000
Fag:
Tags: Tilføj Tag
Ingen Tags, Vær først til at tagge denne postø!

MARC

LEADER 00000nam a2200000 a 4500
001 UCO4458
003 CL-VaPUC
005 20230622162029.0
008 000804e20000000CL |||||||||||||||||spa|d
999 |c 290499  |d 290497 
040 |c Pontificia Universidad Católica de Valparaíso 
082 0 4 |a 346.032 SIL 2000  |2 21 
100 0 |a Silva Silva, Hernán Octavio  |e autor  |9 448990 
245 1 3 |a El delito de manejar en estado de ebriedad: aspectos penales, criminológicos y médico-legales, doctrina, jurisprudencia y Derecho comparado 
260 0 3 |a Santiago, Chile  |b Jurídica de Chile  |c 2000 
300 |a 244 páginas 
583 |a last modification  |c 20000804 00:00:00  |k Rodrigo Vera 
650 0 |a Accidentes  |9 351162 
650 0 |a Alcoholemia  |9 448991 
650 0 |a Código penal  |9 255935 
650 0 |a Delitos  |9 224143 
650 0 |a Derecho comparado  |9 255664 
650 7 |a DERECHO CHILENO  |2 CL-VaPUC  |9 448992 
650 7 |a ESTADO DE EBRIEDAD  |2 CL-VaPUC  |9 448993 
650 7 |a LEY DE ALCOHOLES  |2 CL-VaPUC  |9 371899 
650 7 |a PROCEDIMIENTO JUDICIAL  |2 CL-VaPUC  |9 448994 
650 7 |a SANCIONES  |2 CL-VaPUC  |9 371891 
942 |c BK  |2 ddc 
945 |d 20000804 00:00:00  |a vberengu 
952 |0 0  |1 0  |2 ddc  |4 0  |6 346_032000000000000_SIL_2000  |7 0  |8 A  |9 339981  |a BIBDER  |b BIBDER  |d 2019-11-20  |i 3637751  |o 346.032 SIL 2000  |p 3637751  |r 2023-01-25  |t 1  |w 2019-11-20  |y BK  |k DER 
952 |0 0  |1 0  |2 ddc  |4 0  |6 346_032000000000000_SIL_2000  |7 0  |8 A  |9 339982  |a BIBDER  |b BIBDER  |d 2019-11-20  |i 4374053  |o 346.032 SIL 2000  |p 4374053  |r 2023-01-25  |t 2  |w 2019-11-20  |y BK  |k DER